000 00618nam a2200241Ia 4500
003 OSt
005 20220924143954.0
006 a|||||r|||| 00| 0
007 ta
008 220923b |||||||| |||| 00| 0 urd d
020 _c150.00
024 _a311551
037 _cTextual
040 _aARTS
_cARTS
_burd
041 _2urd
_aurd
082 _aO168,1:g, P4
100 _aShahnaz Begum
_9216958
245 0 _aUrdu shairi mein mughal saltanat ke zawal ki akkasi
260 _c2004
650 _aURDU POETRY
942 _hO168,1:g, P4
_cTEXL
_2CC
999 _c455966
_d455966